000 00449nam a2200169Ia 4500
003 GCL
008 140319s9999 xx 000 0 eng d
040 _aGCL /
_cGCL
082 0 4 _a949.504
_bN L
100 1 _aNICOL, DONALD M.
245 1 0 _aTHE LAST CENTURIES OF BYZANTIUM /
_cNICOL, DONALD M.
260 _a[S.N] :
_bCAMBRIBGE UNIVERSITY PRESS ،
_c1993
300 _a463 P
650 0 4 _aTURKED
650 0 4 _aHISTORY 1081-1423
942 _2ddc
_cBK
999 _c18199
_d18199